000 00551ntaaa2200205 4500
003 01
005 20251027202139.0
008 0714s1973 ag 01
040 _aAR-BaBN
_bspa
_cAR-BaBN
_eaacr
_dRIC
082 _a262.1500 F43e
100 _aFeucht, Oscar E
_910536
245 _aEveryone a minister
250 _a1 ed.
260 _aLondon :
_bConcordia,
_c1974
300 _a158 p
500 _aFalta segĂșn inventario 1980. Juego de fichas retirado 1980
650 _alaicos
_91716
650 _asacerdocio de los creyentes
_94598
942 _cBK
999 _c16398
_d16398